[Event "18th HZ Open 2014"]
[Site "Vlissingen NED"]
[Date "2014.08.07"]
[Round "7.10"]
[White "Ducarmon, Q."]
[Black "Kevlishvili, Robby"]
[Result "1/2-1/2"]
[WhiteElo "2479"]
[BlackElo "2277"]
[PlyCount "84"]
[EventDate "2014.08.02"]
[EventType "swiss"]
[EventRounds "9"]
[EventCountry "NED"]
[Source "Mark Crowther"]
[SourceDate "2014.08.11"]

1. e4 c5 2. Nf3 d6 3. d4 cxd4 4. Nxd4 Nf6 5. Nc3 a6 6. h3 g6 7. g4 Bg7 8. Bg2
Qc7 9. Be3 Nc6 10. Qd2 O-O 11. O-O-O Rb8 12. Bh6 Be6 13. Bxg7 Kxg7 14. g5 Nd7
15. h4 Nde5 16. f4 Nc4 17. Nxe6+ fxe6 18. Qe2 N6a5 19. h5 Qb6 20. b3 Qe3+ 21.
Qxe3 Nxe3 22. Rd2 Rxf4 23. Bh3 Ng4 24. hxg6 hxg6 25. Rg1 Nf2 26. Bxe6 Nxe4 27.
Rh2 Rh8 28. Rxh8 Kxh8 29. Nd5 Rf2 30. Nxe7 Kg7 31. Kb2 Nc5 32. Bd5 Re2 33. Nc8
Nd3+ 34. Kc3 Nf4 35. Rd1 Re5 36. Nb6 Rxg5 37. Bh1 Ne2+ 38. Kb2 Ng3 39. Bg2 Nf5
40. Be4 Ng3 41. Bg2 Nf5 42. Be4 Ng3 1/2-1/2

[Event "18th HZ Open 2014"]
[Site "Vlissingen NED"]
[Date "2014.08.07"]
[Round "7.11"]
[White "Geirnaert, S."]
[Black "Dardha, A."]
[Result "1-0"]
[WhiteElo "2419"]
[BlackElo "2272"]
[PlyCount "83"]
[EventDate "2014.08.02"]
[EventType "swiss"]
[EventRounds "9"]
[EventCountry "NED"]
[Source "Mark Crowther"]
[SourceDate "2014.08.11"]

1. d4 Nf6 2. c4 e6 3. Nc3 d5 4. cxd5 exd5 5. Bg5 Be7 6. e3 c6 7. Bd3 Nbd7 8.
Nf3 O-O 9. Qc2 Re8 10. O-O b6 11. Ne5 Nxe5 12. dxe5 Ng4 13. Bxh7+ Kh8 14. Bf4
Bf8 15. Rad1 Qh4 16. Bf5 Nxe5 17. Bxc8 Raxc8 18. Bxe5 Rxe5 19. Nxd5 Bd6 20. g3
Qh6 21. Nf4 Ra5 22. Rd4 Bxf4 23. Rxf4 Rh5 24. Rxf7 Re8 25. h4 Qe6 26. Rf4 Rc5
27. Qb3 Qxb3 28. axb3 Rc2 29. Rb1 Rd8 30. Rc4 Re2 31. Rxc6 Rdd2 32. Rc8+ Kh7
33. Rf8 Rxb2 34. Rc1 a5 35. Rc7 Re1+ 36. Kg2 Rxe3 37. Rff7 Re6 38. Rxg7+ Kh6
39. Kh3 Rxb3 40. f4 Rf6 41. Rh7+ Kg6 42. Kg4 1-0

[Event "18th HZ Open 2014"]
[Site "Vlissingen NED"]
[Date "2014.08.07"]
[Round "7.12"]
[White "Vedder, R."]
[Black "Zelbel, P."]
[Result "1-0"]
[WhiteElo "2277"]
[BlackElo "2410"]
[PlyCount "69"]
[EventDate "2014.08.02"]
[EventType "swiss"]
[EventRounds "9"]
[EventCountry "NED"]
[Source "Mark Crowther"]
[SourceDate "2014.08.11"]

1. e4 c5 2. Nf3 g6 3. Nc3 Bg7 4. d4 cxd4 5. Nxd4 Nc6 6. Be3 Nf6 7. Bc4 O-O 8.
Bb3 Ng4 9. Qxg4 Nxd4 10. Qd1 Nxb3 11. axb3 a6 12. Bd4 d6 13. Bxg7 Kxg7 14. Qd4+
f6 15. O-O Be6 16. Nd5 Rc8 17. c3 Bf7 18. b4 e6 19. Ne3 Qc7 20. Rfd1 Rfd8 21.
h4 e5 22. Qd2 Be6 23. Ra5 Qf7 24. f4 exf4 25. Nd5 Bxd5 26. Rxd5 f3 27. gxf3 Rc6
28. Qh2 Qe7 29. h5 g5 30. h6+ Kg6 31. Kf2 b5 32. Qh3 Qd7 33. Rf5 Qa7+ 34. Ke2
Qe7 35. Rxg5+ 1-0

[Event "18th HZ Open 2014"]
[Site "Vlissingen NED"]
[Date "2014.08.07"]
[Round "7.13"]
[White "Ten Hertog, H."]
[Black "Senders, Mischa"]
[Result "1-0"]
[WhiteElo "2356"]
[BlackElo "2223"]
[PlyCount "51"]
[EventDate "2014.08.02"]
[EventType "swiss"]
[EventRounds "9"]
[EventCountry "NED"]
[Source "Mark Crowther"]
[SourceDate "2014.08.11"]

1. e4 c5 2. Nf3 d6 3. d4 cxd4 4. Nxd4 Nf6 5. Nc3 a6 6. h3 e6 7. g4 b5 8. Bg2
Bb7 9. O-O Qc7 10. a4 b4 11. Nd5 exd5 12. exd5 g6 13. Re1+ Kd8 14. Bg5 Be7 15.
Rxe7 Kxe7 16. Qf3 Nbd7 17. Bxf6+ Nxf6 18. Re1+ Kd7 19. Qxf6 Qd8 20. Qxf7+ Kc8
21. Re7 Rf8 22. Qe6+ Kb8 23. Nc6+ Bxc6 24. dxc6 Ra7 25. c7+ Rxc7 26. Qd5 1-0

[Event "18th HZ Open 2014"]
[Site "Vlissingen NED"]
[Date "2014.08.07"]
[Round "7.14"]
[White "De Jong, M."]
[Black "Bijlsma, N."]
[Result "1-0"]
[WhiteElo "2345"]
[BlackElo "2210"]
[PlyCount "53"]
[EventDate "2014.08.02"]
[EventType "swiss"]
[EventRounds "9"]
[EventCountry "NED"]
[Source "Mark Crowther"]
[SourceDate "2014.08.11"]

1. e4 c5 2. Nf3 d6 3. Bb5+ Bd7 4. c4 Bxb5 5. cxb5 Nf6 6. Nc3 e6 7. d4 cxd4 8.
Nxd4 Be7 9. O-O O-O 10. f4 d5 11. e5 Ne4 12. f5 Bc5 13. fxe6 fxe6 14. Rxf8+
Qxf8 15. Nxe4 dxe4 16. Be3 Nd7 17. Qg4 Qe7 18. Qxe4 Nb6 19. Kh1 Nd5 20. Nf5 Qf8
21. Bd4 Rd8 22. Nd6 Bxd6 23. exd6 Qxd6 24. Rf1 Rd7 25. Bc5 Nf6 26. Bxd6 Nxe4
27. Rf8# 1-0

[Event "18th HZ Open 2014"]
[Site "Vlissingen NED"]
[Date "2014.08.07"]
[Round "7.15"]
[White "De Wolf, J."]
[Black "Sadikhov, U."]
[Result "0-1"]
[WhiteElo "2104"]
[BlackElo "2335"]
[PlyCount "80"]
[EventDate "2014.08.02"]
[EventType "swiss"]
[EventRounds "9"]
[EventCountry "NED"]
[Source "Mark Crowther"]
[SourceDate "2014.08.11"]

1. d4 d6 2. e4 Nf6 3. Nc3 e5 4. Nf3 Nbd7 5. Bc4 Be7 6. O-O O-O 7. Re1 c6 8. a4
a5 9. h3 h6 10. Bf1 Qc7 11. b3 Re8 12. Ba3 Bf8 13. g3 exd4 14. Nxd4 Ne5 15. Bg2
Qb6 16. Nf3 Be6 17. Qe2 Rad8 18. Rad1 Bc8 19. Qf1 Bxh3 20. Nxe5 Bxg2 21. Kxg2
dxe5 22. Bxf8 Kxf8 23. f3 Qc5 24. Rd3 Rd4 25. Red1 Red8 26. Qf2 Qb4 27. Na2 Qa3
28. Nc1 Qb2 29. Rxd4 Rxd4 30. Nd3 Qc3 31. Re1 Nd7 32. Re3 Rd6 33. f4 exf4 34.
gxf4 Qd4 35. e5 Rg6+ 36. Kh2 Nc5 37. f5 Nxd3 38. cxd3 Rg5 39. f6 Rxe5 40. fxg7+
Kg8 0-1

[Event "18th HZ Open 2014"]
[Site "Vlissingen NED"]
[Date "2014.08.07"]
[Round "7.16"]
[White "Dijkhuis, Sven"]
[Black "Erwich, Frank"]
[Result "1/2-1/2"]
[WhiteElo "1985"]
[BlackElo "2328"]
[PlyCount "67"]
[EventDate "2014.08.02"]
[EventType "swiss"]
[EventRounds "9"]
[EventCountry "NED"]
[Source "Mark Crowther"]
[SourceDate "2014.08.11"]

1. e4 e5 2. Nf3 Nc6 3. Bb5 Nge7 4. Nc3 d6 5. d4 a6 6. Ba4 b5 7. Bb3 Nxd4 8.
Nxd4 exd4 9. Qf3 Be6 10. Bxe6 fxe6 11. Ne2 Nc6 12. Nf4 Qf6 13. Qb3 Kd7 14. O-O
Be7 15. Bd2 Ne5 16. Rad1 c5 17. Ne2 Qh4 18. f4 c4 19. Qa3 d5 20. Bb4 Ng4 21. h3
Ne3 22. exd5 e5 23. Bxe7 Qxe7 24. Qxe7+ Kxe7 25. fxe5 Nxf1 26. Kxf1 Rhf8+ 27.
Kg1 d3 28. cxd3 Rac8 29. Nd4 c3 30. Nc6+ Rxc6 31. dxc6 cxb2 32. d4 Ke6 33. Rb1
Rc8 34. Rxb2 1/2-1/2

[Event "18th HZ Open 2014"]
[Site "Vlissingen NED"]
[Date "2014.08.07"]
[Round "7.17"]
[White "Roos, Ad"]
[Black "Pruijssers, R."]
[Result "0-1"]
[WhiteElo "2211"]
[BlackElo "2517"]
[PlyCount "82"]
[EventDate "2014.08.02"]
[EventType "swiss"]
[EventRounds "9"]
[EventCountry "NED"]
[Source "Mark Crowther"]
[SourceDate "2014.08.11"]

1. d4 Nf6 2. c4 d6 3. Nc3 g6 4. e4 Bg7 5. Nge2 O-O 6. Ng3 e5 7. d5 a5 8. Be2
Na6 9. h4 h5 10. Bg5 Qe8 11. Qd2 Nh7 12. Bh6 Bxh6 13. Qxh6 Qe7 14. O-O-O Qf6
15. Bf3 Bd7 16. Kb1 Nc5 17. Qe3 a4 18. Nge2 Qg7 19. Nc1 f5 20. Nd3 Nxd3 21.
Rxd3 Nf6 22. c5 f4 23. Qd2 dxc5 24. Ne2 Ne8 25. Rc3 Qe7 26. Rcc1 Nd6 27. Rcg1
a3 28. g4 axb2 29. gxh5 Nc4 30. Rxg6+ Kh7 31. Qc3 b5 32. Rhg1 Ra3 33. Qe1 Rxa2
34. Rg7+ Qxg7 35. Rxg7+ Kxg7 36. Qg1+ Kh8 37. Kxa2 Ra8+ 38. Kb3 Ra3+ 39. Kc2 b4
40. Qg6 Ba4+ 41. Kb1 Ra1# 0-1

[Event "18th HZ Open 2014"]
[Site "Vlissingen NED"]
[Date "2014.08.07"]
[Round "7.18"]
[White "Grochal, J."]
[Black "Vishnu, P."]
[Result "1/2-1/2"]
[WhiteElo "2205"]
[BlackElo "2469"]
[PlyCount "46"]
[EventDate "2014.08.02"]
[EventType "swiss"]
[EventRounds "9"]
[EventCountry "NED"]
[Source "Mark Crowther"]
[SourceDate "2014.08.11"]

1. d4 Nf6 2. c4 g6 3. Nc3 Bg7 4. e4 d6 5. h3 O-O 6. Bg5 Qe8 7. Be2 e5 8. d5 a5
9. g4 Na6 10. Nf3 Nd7 11. Rg1 Kh8 12. Qd2 Ndc5 13. h4 f5 14. gxf5 gxf5 15. Bh6
Bxh6 16. Qxh6 Qe7 17. h5 Rf6 18. Rg6 Rxg6 19. hxg6 Qg7 20. Qg5 Qxg6 21. Qd8+
Qg8 22. Qf6+ Qg7 23. Qd8+ Qg8 1/2-1/2

[Event "18th HZ Open 2014"]
[Site "Vlissingen NED"]
[Date "2014.08.07"]
[Round "7.19"]
[White "Van Foreest, Jorden"]
[Black "Van Osch, Mees"]
[Result "1-0"]
[WhiteElo "2467"]
[BlackElo "2200"]
[PlyCount "55"]
[EventDate "2014.08.02"]
[EventType "swiss"]
[EventRounds "9"]
[EventCountry "NED"]
[Source "Mark Crowther"]
[SourceDate "2014.08.11"]

1. d4 Nf6 2. c4 e6 3. Nf3 b6 4. g3 Bb7 5. Bg2 Be7 6. O-O O-O 7. d5 exd5 8. Nh4
g6 9. cxd5 d6 10. Nc3 c6 11. dxc6 Bxc6 12. Nf3 Na6 13. Bh6 Re8 14. Rc1 Nc5 15.
Qd2 Qd7 16. Rfd1 Rad8 17. h3 Qb7 18. b4 Nce4 19. Qd4 Rc8 20. g4 Bf8 21. Bxf8
Rxf8 22. b5 Bd7 23. Ng5 d5 24. Ngxe4 Nxe4 25. Nxd5 f5 26. Ne7+ Kf7 27. Nxc8
Bxc8 28. Bxe4 1-0

[Event "18th HZ Open 2014"]
[Site "Vlissingen NED"]
[Date "2014.08.07"]
[Round "7.20"]
[White "Maris, Iv"]
[Black "Leenhouts, K."]
[Result "1-0"]
[WhiteElo "2178"]
[BlackElo "2385"]
[PlyCount "79"]
[EventDate "2014.08.02"]
[EventType "swiss"]
[EventRounds "9"]
[EventCountry "NED"]
[Source "Mark Crowther"]
[SourceDate "2014.08.11"]

1. d4 Nf6 2. Nf3 g6 3. c4 Bg7 4. Nc3 d5 5. Bg5 Ne4 6. Bf4 Nxc3 7. bxc3 dxc4 8.
e3 Be6 9. Qb1 b6 10. Ng5 Bd5 11. e4 h6 12. Nf3 Be6 13. Be5 f6 14. d5 Bf7 15.
Bg3 O-O 16. Bxc4 c5 17. O-O Nc6 18. Qd3 Na5 19. Rad1 Qd7 20. Bb5 Qc8 21. Ba6
Qg4 22. h3 Qh5 23. Qe3 e5 24. Be2 f5 25. Nxe5 Qg5 26. f4 Qd8 27. Nxf7 Rxf7 28.
e5 Kh7 29. e6 Rf6 30. Bh4 Rxe6 31. dxe6 Qxh4 32. Bb5 a6 33. e7 axb5 34. e8=Q
Rxe8 35. Qxe8 Nc4 36. Rd7 Qf6 37. Rfd1 h5 38. Rxg7+ Kxg7 39. Rd7+ Kh6 40. Qg8
1-0

[Event "18th HZ Open 2014"]
[Site "Vlissingen NED"]
[Date "2014.08.07"]
[Round "7.21"]
[White "Goossens, R."]
[Black "Taddei, B."]
[Result "1/2-1/2"]
[WhiteElo "2093"]
[BlackElo "2348"]
[PlyCount "58"]
[EventDate "2014.08.02"]
[EventType "swiss"]
[EventRounds "9"]
[EventCountry "NED"]
[Source "Mark Crowther"]
[SourceDate "2014.08.11"]

1. Nf3 Nc6 2. d4 d5 3. Bf4 Bg4 4. e3 e6 5. c4 Bd6 6. Bg3 Nge7 7. Nc3 a6 8. Rc1
dxc4 9. Bxc4 O-O 10. Be2 Rb8 11. O-O Bxg3 12. hxg3 Nd5 13. Ne4 Nce7 14. Ne5
Bxe2 15. Qxe2 f6 16. Nd3 Ng6 17. Nec5 Re8 18. Rfd1 a5 19. Nf4 Ngxf4 20. gxf4 c6
21. Qc4 f5 22. g3 g5 23. Kg2 gxf4 24. exf4 Re7 25. Rh1 Qd6 26. Qe2 Nf6 27. Qe5
Qd5+ 28. f3 Rf8 29. b3 Nd7 1/2-1/2

[Event "18th HZ Open 2014"]
[Site "Vlissingen NED"]
[Date "2014.08.07"]
[Round "7.22"]
[White "Piceu, T."]
[Black "Endress, A."]
[Result "1/2-1/2"]
[WhiteElo "2330"]
[BlackElo "2137"]
[PlyCount "46"]
[EventDate "2014.08.02"]
[EventType "swiss"]
[EventRounds "9"]
[EventCountry "NED"]
[Source "Mark Crowther"]
[SourceDate "2014.08.11"]

1. d4 d5 2. c4 e6 3. Nc3 Be7 4. Nf3 Nf6 5. Bg5 h6 6. Bxf6 Bxf6 7. e3 O-O 8.
cxd5 exd5 9. Be2 c6 10. O-O Bf5 11. b4 a5 12. a3 Qd6 13. Qb3 b5 14. bxa5 Rxa5
15. a4 b4 16. Na2 Be7 17. Ne1 Nd7 18. Bd3 Be6 19. Nc2 Rb8 20. Rfb1 c5 21. Bb5
Rbxb5 22. axb5 Rxb5 23. Rb2 Rb8 1/2-1/2

[Event "18th HZ Open 2014"]
[Site "Vlissingen NED"]
[Date "2014.08.07"]
[Round "7.23"]
[White "Bezemer, A."]
[Black "Lacrosse, M."]
[Result "1/2-1/2"]
[WhiteElo "2287"]
[BlackElo "2174"]
[PlyCount "27"]
[EventDate "2014.08.02"]
[EventType "swiss"]
[EventRounds "9"]
[EventCountry "NED"]
[Source "Mark Crowther"]
[SourceDate "2014.08.11"]

1. e4 e5 2. Nf3 Nc6 3. Bb5 a6 4. Ba4 Nf6 5. O-O Nxe4 6. d4 b5 7. Bb3 d5 8. dxe5
Be6 9. Nbd2 Be7 10. c3 Nc5 11. Bc2 d4 12. cxd4 Nxd4 13. Nxd4 Qxd4 14. Qe2
1/2-1/2

[Event "18th HZ Open 2014"]
[Site "Vlissingen NED"]
[Date "2014.08.07"]
[Round "7.24"]
[White "Afek, Y."]
[Black "Gieben, Stijn"]
[Result "1/2-1/2"]
[WhiteElo "2282"]
[BlackElo "2134"]
[PlyCount "93"]
[EventDate "2014.08.02"]
[EventType "swiss"]
[EventRounds "9"]
[EventCountry "NED"]
[Source "Mark Crowther"]
[SourceDate "2014.08.11"]

1. e4 c5 2. Nc3 d6 3. Nge2 Nf6 4. g3 e5 5. Bg2 Nc6 6. d3 Be7 7. h3 Bd7 8. O-O
Nd4 9. Kh2 Qc7 10. f4 Bc6 11. a3 a5 12. a4 Nd7 13. Be3 O-O 14. Nb1 f5 15. c3
Nxe2 16. Qxe2 exf4 17. gxf4 Rae8 18. Nd2 Nb6 19. b3 Bf6 20. Rac1 Rf7 21. Qf2
Qd8 22. Bf3 Kh8 23. Rg1 Qe7 24. Qg2 d5 25. Rge1 fxe4 26. dxe4 dxe4 27. Bxe4
Bxe4 28. Nxe4 Qxe4 29. Qxe4 Rxe4 30. Bxc5 Rxe1 31. Rxe1 g6 32. Bxb6 Bxc3 33.
Re3 Bd2 34. Bd4+ Kg8 35. Re8+ Rf8 36. Rxf8+ Kxf8 37. Kg3 Ke7 38. Kg4 h5+ 39.
Kf3 Ke6 40. Ke4 Bb4 41. Bb6 Bd2 42. Bc7 Be1 43. Kd4 Kf5 44. Ke3 Bb4 45. Kf3 Bd2
46. Ke2 Bb4 47. Kf3 1/2-1/2

[Event "18th HZ Open 2014"]
[Site "Vlissingen NED"]
[Date "2014.08.07"]
[Round "7.25"]
[White "Beerdsen, Thomas"]
[Black "De Wilde, R."]
[Result "0-1"]
[WhiteElo "2282"]
[BlackElo "2101"]
[PlyCount "114"]
[EventDate "2014.08.02"]
[EventType "swiss"]
[EventRounds "9"]
[EventCountry "NED"]
[Source "Mark Crowther"]
[SourceDate "2014.08.11"]

1. e4 e6 2. d4 d5 3. Nd2 Nf6 4. e5 Nfd7 5. f4 c5 6. Ngf3 Nc6 7. c3 Qb6 8. Nb3
a5 9. a4 Be7 10. Be2 O-O 11. O-O cxd4 12. cxd4 f6 13. Kh1 Qc7 14. Bd2 Nb6 15.
Bd3 f5 16. Rg1 Nc4 17. Bc3 Bd7 18. Qe2 Nb4 19. Bxb4 axb4 20. g4 Rxa4 21. Rac1
Ra6 22. gxf5 exf5 23. Rxc4 dxc4 24. Bxc4+ Be6 25. Bxe6+ Rxe6 26. d5 Rh6 27. d6
Bxd6 28. exd6 Rxd6 29. Qe5 Rd7 30. Qe6+ Kh8 31. Ne5 Re7 32. Qd5 Rd8 33. Qg2 Qd6
34. Re1 Kg8 35. Qh3 g6 36. Qh4 Rc7 37. Nf3 Rdc8 38. Nbd4 Rc1 39. Kg2 Rxe1 40.
Qxe1 Kf7 41. Qh4 Kg8 42. Qg5 Rc5 43. Qg3 Rd5 44. Ne2 Rd3 45. Qe1 Qd5 46. Qf2
Qe4 47. Kg3 Re3 48. Neg1 g5 49. Qd2 Rd3 50. Qc1 g4 51. Qc8+ Kg7 52. Qc7+ Kh6
53. Kh4 gxf3 54. Qb6+ Qc6 55. Qf2 Qf6+ 56. Kh3 Qg5 57. Qxf3 Qg4# 0-1

[Event "18th HZ Open 2014"]
[Site "Vlissingen NED"]
[Date "2014.08.07"]
[Round "7.26"]
[White "Sekandar, K."]
[Black "Raghavi, N."]
[Result "0-1"]
[WhiteElo "2093"]
[BlackElo "2275"]
[PlyCount "108"]
[EventDate "2014.08.02"]
[EventType "swiss"]
[EventRounds "9"]
[EventCountry "NED"]
[Source "Mark Crowther"]
[SourceDate "2014.08.11"]

1. e4 c5 2. c3 Nf6 3. e5 Nd5 4. Nf3 e6 5. d4 cxd4 6. cxd4 b6 7. Nc3 Nxc3 8.
bxc3 Qc7 9. Bd2 Bb7 10. Bd3 d6 11. O-O Nd7 12. Ng5 dxe5 13. Qh5 g6 14. Qh3 Qd6
15. Rae1 Bg7 16. f4 e4 17. Nxe4 Bxe4 18. Bxe4 Rc8 19. f5 O-O 20. fxe6 fxe6 21.
Rxf8+ Rxf8 22. Bf3 Re8 23. Bg4 Nf8 24. Qf3 Nd7 25. Qh3 Nf8 26. Qf3 Re7 27. Bg5
Rf7 28. Qe3 Qd5 29. a4 Qc4 30. h3 Qxa4 31. Bxe6 Nxe6 32. Qxe6 Qd7 33. Qc4 b5
34. Qc5 Rf5 35. Qe7 Qxe7 36. Bxe7 a5 37. Bc5 Bf8 38. Ra1 Bxc5 39. dxc5 a4 40.
c6 Rc5 41. Rb1 Kf7 42. c7 Rxc7 43. Rxb5 Ra7 44. Kf2 a3 45. Rb1 a2 46. Ra1 Ke6
47. Ke3 Kd5 48. Kd3 Kc5 49. h4 h5 50. g3 Ra6 51. Kc2 Kc4 52. Kb2 Rb6+ 53. Kc2
Rf6 54. Kd2 Kb3 0-1

[Event "18th HZ Open 2014"]
[Site "Vlissingen NED"]
[Date "2014.08.07"]
[Round "7.27"]
[White "Linster, P."]
[Black "Boucquet, Emile"]
[Result "1-0"]
[WhiteElo "2269"]
[BlackElo "2081"]
[PlyCount "53"]
[EventDate "2014.08.02"]
[EventType "swiss"]
[EventRounds "9"]
[EventCountry "NED"]
[Source "Mark Crowther"]
[SourceDate "2014.08.11"]

1. e4 c5 2. Nf3 d6 3. d3 Nf6 4. g3 e5 5. Bg2 Be7 6. O-O O-O 7. Nbd2 Nbd7 8. Nh4
Re8 9. Nc4 b5 10. Ne3 Nb6 11. Nef5 Bf8 12. f4 g6 13. Ne3 exf4 14. gxf4 Nxe4 15.
Nxg6 fxg6 16. dxe4 Bb7 17. f5 Bg7 18. fxg6 hxg6 19. Qg4 Qd7 20. Qxg6 Re6 21.
Qg3 Bxe4 22. Bxe4 Rxe4 23. Nf5 Rf8 24. Nh6+ Kh7 25. Rxf8 Bd4+ 26. Kf1 Qe6 27.
Rf7+ 1-0

[Event "18th HZ Open 2014"]
[Site "Vlissingen NED"]
[Date "2014.08.07"]
[Round "7.28"]
[White "Visser, HJ."]
[Black "Haak, E."]
[Result "1-0"]
[WhiteElo "2256"]
[BlackElo "2092"]
[PlyCount "75"]
[EventDate "2014.08.02"]
[EventType "swiss"]
[EventRounds "9"]
[EventCountry "NED"]
[Source "Mark Crowther"]
[SourceDate "2014.08.11"]

1. e4 e6 2. d4 d5 3. Nc3 Bb4 4. e5 c5 5. a3 Bxc3+ 6. bxc3 Ne7 7. Qg4 Qa5 8. Bd2
O-O 9. Bd3 f5 10. Qg5 Nbc6 11. dxc5 h6 12. Qe3 f4 13. Qe2 Qxc5 14. Nf3 Bd7 15.
O-O Be8 16. Rfb1 Nd8 17. c4 dxc4 18. Bxc4 a5 19. Bd3 Bc6 20. a4 Rc8 21. c4 Rc7
22. Bc1 Bxf3 23. Qxf3 Qxe5 24. Bb2 Qg5 25. Ba3 Ndc6 26. Qe4 Ne5 27. Rb5 Rf5 28.
Bd6 f3 29. g3 Nxd3 30. Bxc7 Nxf2 31. Qxe6+ Kh7 32. Kf1 Ng4 33. Bf4 Qh5 34. h4
Nh2+ 35. Kg1 Ng4 36. Qxe7 Qg6 37. Qe4 f2+ 38. Kh1 1-0

[Event "18th HZ Open 2014"]
[Site "Vlissingen NED"]
[Date "2014.08.07"]
[Round "7.29"]
[White "Lentjes, N."]
[Black "Colijn, S."]
[Result "0-1"]
[WhiteElo "2073"]
[BlackElo "2254"]
[PlyCount "80"]
[EventDate "2014.08.02"]
[EventType "swiss"]
[EventRounds "9"]
[EventCountry "NED"]
[Source "Mark Crowther"]
[SourceDate "2014.08.11"]

1. e4 e6 2. d4 d5 3. Nc3 Nf6 4. Bg5 dxe4 5. Nxe4 Be7 6. Bxf6 gxf6 7. Nf3 b6 8.
Bd3 Bb7 9. Qe2 Qd5 10. c3 Nd7 11. Ned2 Qh5 12. O-O-O O-O-O 13. Ba6 Rhe8 14.
Bxb7+ Kxb7 15. Rhe1 Bf8 16. Qe4+ c6 17. Kb1 Qg6 18. Qxg6 hxg6 19. Re2 c5 20.
Rde1 cxd4 21. cxd4 Nb8 22. Ne4 Be7 23. Nc3 Bb4 24. Rd1 Bxc3 25. bxc3 Rc8 26.
Rd3 b5 27. Nd2 Nd7 28. Ne4 Kc6 29. Rf3 f5 30. Ng5 Re7 31. Rfe3 Nb6 32. Rh3 Nd5
33. Rf3 Kd6 34. Kb2 f6 35. Nh3 Rec7 36. Nf4 Nxf4 37. Rxf4 Rxc3 38. Rh4 R3c4 39.
Rh7 Rb4+ 40. Ka3 a5 0-1

[Event "18th HZ Open 2014"]
[Site "Vlissingen NED"]
[Date "2014.08.07"]
[Round "7.30"]
[White "Ratsma, Rosa"]
[Black "Van den Berg, Ad"]
[Result "0-1"]
[WhiteElo "2035"]
[BlackElo "2235"]
[PlyCount "72"]
[EventDate "2014.08.02"]
[EventType "swiss"]
[EventRounds "9"]
[EventCountry "NED"]
[Source "Mark Crowther"]
[SourceDate "2014.08.11"]

1. e4 c5 2. Nf3 e6 3. Nc3 Nc6 4. d4 cxd4 5. Nxd4 Qc7 6. Be3 a6 7. Qd2 Nf6 8. f3
b5 9. g4 h6 10. Nxc6 dxc6 11. Bg2 e5 12. Qf2 Be6 13. O-O Be7 14. Ne2 Bc4 15.
Rfd1 Bxe2 16. Qxe2 Nd7 17. a4 O-O 18. Qf2 Rfd8 19. Bf1 Bg5 20. Bxg5 hxg5 21.
axb5 cxb5 22. Qd2 Nf8 23. Bd3 Ne6 24. Ra3 a5 25. Qe1 b4 26. Raa1 Rd6 27. b3
Rad8 28. Bc4 Rxd1 29. Rxd1 Nd4 30. Qf2 a4 31. Ra1 a3 32. c3 bxc3 33. Rxa3 c2
34. Qe3 Nxf3+ 35. Kf2 Rd2+ 36. Kxf3 c1=Q 0-1

[Event "18th HZ Open 2014"]
[Site "Vlissingen NED"]
[Date "2014.08.07"]
[Round "7.31"]
[White "Dijkstra, A."]
[Black "Brookes, C."]
[Result "0-1"]
[WhiteElo "1984"]
[BlackElo "2231"]
[PlyCount "64"]
[EventDate "2014.08.02"]
[EventType "swiss"]
[EventRounds "9"]
[EventCountry "NED"]
[Source "Mark Crowther"]
[SourceDate "2014.08.11"]

1. e4 c5 2. Nf3 d6 3. c3 Nf6 4. Be2 e5 5. O-O Be7 6. d4 Qc7 7. d5 Nbd7 8. Qc2
a6 9. a4 Nf8 10. h3 Ng6 11. Na3 Rb8 12. Re1 O-O 13. Nh2 Bd7 14. c4 h6 15. Ng4
Nh7 16. Ne3 Bg5 17. Bg4 Bxe3 18. Bxe3 Qc8 19. Bxd7 Qxd7 20. Rab1 f5 21. exf5
Rxf5 22. b4 cxb4 23. Rxb4 Nf4 24. Bxf4 Rxf4 25. Reb1 a5 26. Rb6 Ng5 27. Qg6 Rf6
28. Qc2 e4 29. h4 Nf3+ 30. gxf3 exf3 31. Rxb7 Qg4+ 32. Kf1 Re8 0-1

[Event "18th HZ Open 2014"]
[Site "Vlissingen NED"]
[Date "2014.08.07"]
[Round "7.32"]
[White "Michalczak, T."]
[Black "Hoogland, M."]
[Result "1-0"]
[WhiteElo "2230"]
[BlackElo "2020"]
[PlyCount "81"]
[EventDate "2014.08.02"]
[EventType "swiss"]
[EventRounds "9"]
[EventCountry "NED"]
[Source "Mark Crowther"]
[SourceDate "2014.08.11"]

1. e4 c5 2. c3 Nf6 3. e5 Nd5 4. Nf3 Nc6 5. Bc4 Nb6 6. Bb3 c4 7. Bc2 Qc7 8. O-O
Nxe5 9. Nxe5 Qxe5 10. Re1 Qc7 11. Na3 a6 12. d3 e6 13. Qg4 h5 14. Qg5 cxd3 15.
Bxd3 Qc5 16. Re5 Qe7 17. Qe3 Nd5 18. Qf3 d6 19. Bg5 f6 20. Bg6+ Kd8 21. Rxd5
fxg5 22. Rxd6+ Qxd6 23. Rd1 Qxd1+ 24. Qxd1+ Bd7 25. Nc4 Kc7 26. Ne5 Bc6 27. Nf7
Bc5 28. b4 Rad8 29. Qe1 Bb6 30. Nxh8 Rxh8 31. Qe5+ Kc8 32. Qxe6+ Kb8 33. Qe5+
Ka7 34. c4 Rd8 35. Bxh5 Bd4 36. Qxg5 Bf6 37. Qc5+ Ka8 38. b5 axb5 39. cxb5 Be4
40. Qa3+ Kb8 41. b6 1-0

[Event "18th HZ Open 2014"]
[Site "Vlissingen NED"]
[Date "2014.08.07"]
[Round "7.33"]
[White "Lobersli, Henrik Oie"]
[Black "Sowray, P."]
[Result "0-1"]
[WhiteElo "1839"]
[BlackElo "2325"]
[PlyCount "56"]
[EventDate "2014.08.02"]
[EventType "swiss"]
[EventRounds "9"]
[EventCountry "NED"]
[Source "Mark Crowther"]
[SourceDate "2014.08.11"]

1. e4 d6 2. d4 Nf6 3. Nc3 g6 4. Nf3 Bg7 5. Be2 O-O 6. O-O Nc6 7. Be3 e5 8. dxe5
dxe5 9. h3 Qe7 10. Nd5 Nxd5 11. exd5 Nd4 12. Re1 Qb4 13. Rb1 Bf5 14. Bxd4 exd4
15. Bd3 Bxd3 16. Qxd3 Rad8 17. Red1 Rxd5 18. c3 dxc3 19. bxc3 Rxd3 20. cxb4
Rfd8 21. Rxd3 Rxd3 22. Rc1 c6 23. b5 cxb5 24. Rc7 Ra3 25. Rxb7 a6 26. Rb8+ Bf8
27. Ne5 Kg7 28. Rb7 Rxa2 0-1

[Event "18th HZ Open 2014"]
[Site "Vlissingen NED"]
[Date "2014.08.07"]
[Round "7.34"]
[White "Hopman, P."]
[Black "Van de Wynkele, E."]
[Result "1-0"]
[WhiteElo "2387"]
[BlackElo "2024"]
[PlyCount "55"]
[EventDate "2014.08.02"]
[EventType "swiss"]
[EventRounds "9"]
[EventCountry "NED"]
[Source "Mark Crowther"]
[SourceDate "2014.08.11"]

1. d4 d5 2. c4 c6 3. Nf3 Nf6 4. e3 a6 5. Bd2 Bf5 6. Qb3 Ra7 7. Bb4 Nbd7 8. Nc3
e6 9. Bxf8 Nxf8 10. Nh4 Bg6 11. Nxg6 hxg6 12. Be2 N8d7 13. c5 e5 14. O-O-O Qc7
15. g3 g5 16. Qc2 g6 17. Rdf1 Nf8 18. h4 gxh4 19. f4 exd4 20. exd4 h3 21. g4
Ne6 22. Qd2 Ng7 23. Rf3 Ne4 24. Nxe4 dxe4 25. Rfxh3 Rxh3 26. Rxh3 b5 27. Rh8+
Kd7 28. Rh7 1-0